[Event "DEM U10/U10w 2003"]
[Site "Willingen GER"]
[Date "2003.06.14"]
[Round "11"]
[White "Osmanodja, Bilgin"]
[Black "Pantusenko, Valeria"]
[Result "1-0"]
[Termination "normal"]
[Board "15"]
[WhiteElo "1330"]
[BlackElo "1170"]
[PlyCount "93"]
[BlackFideId "4662920"]
[EventCountry "GER"]
[EventRounds "11"]
[EventType "swiss"]
[EventDate "2003.06.07"]

1. e4 e5 2. Nf3 Nc6 3. Bb5 Bc5 4. c3 Nf6 5. O-O O-O 6. d4 exd4 7. cxd4 Bb6 8.
e5 Ne4 9. Re1 f5 10. Bc4+ Kh8 11. Nc3 Nxc3 12. bxc3 d5 13. exd6 Qxd6 14. Ne5
Nxe5 15. Rxe5 Bd7 16. Qb3 Rae8 17. Ba3 Qg6 18. Bxf8 Rxf8 19. Bd5 c6 20. Bc4 Bc7
21. Qxb7 Bxe5 22. Qxd7 Bf4 23. Qxa7 Bd2 24. Qa3 Re8 25. Qb2 Bf4 26. Rb1 Re7 27.
Bd3 h6 28. Qc2 Rf7 29. Rb6 Bc7 30. Ra6 Bd6 31. Qa4 Rc7 32. Ra7 Qg5 33. Rxc7
Qc1+ 34. Bf1 Bxc7 35. Qxc6 Bxh2+ 36. Kxh2 Qxf1 37. Qc8+ Kh7 38. Qxf5+ Kh8 39.
d5 Qd1 40. Qf3 Qb1 41. d6 Qb8 42. Qc6 Qf8 43. d7 Qf4+ 44. Kh3 Qf5+ 45. g4 Qd3+
46. Kg2 Qd1 47. Qc8+ 1-0

[Event "DEM U10/U10w 2003"]
[Site "Willingen GER"]
[Date "2003.06.14"]
[Round "11"]
[White "Döll, Laurien"]
[Black "Dünzel, Jonas"]
[Result "1/2-1/2"]
[Termination "normal"]
[Board "16"]
[WhiteElo "1155"]
[BlackElo "1230"]
[PlyCount "41"]
[BlackFideId "24631167"]
[EventCountry "GER"]
[EventRounds "11"]
[EventType "swiss"]
[EventDate "2003.06.07"]

1. e4 c5 2. Nc3 e6 3. Nf3 d5 4. exd5 exd5 5. d4 Nf6 6. Bb5+ Nc6 7. O-O Be7 8.
Re1 O-O 9. Qe2 Bd6 10. Bg5 Be6 11. Rad1 c4 12. Bxc6 bxc6 13. Ne5 Rc8 14. Qf3
Be7 15. h3 h6 16. Bh4 Nd7 17. Bg3 Nxe5 18. Bxe5 Bb4 19. Qg3 g5 20. a3 Be7 21.
Re3 1/2-1/2

[Event "DEM U10/U10w 2003"]
[Site "Willingen GER"]
[Date "2003.06.14"]
[Round "11"]
[White "Orhan, Eda"]
[Black "Rösch, Daniel"]
[Result "1/2-1/2"]
[Termination "normal"]
[Board "17"]
[WhiteElo "1222"]
[BlackElo "1093"]
[PlyCount "71"]
[WhiteFideId "24659258"]
[EventCountry "GER"]
[EventRounds "11"]
[EventType "swiss"]
[EventDate "2003.06.07"]

1. e4 e5 2. Nf3 Nc6 3. Bc4 Nf6 4. Ng5 d5 5. exd5 b5 6. Bxb5 Qxd5 7. Nc3 Qxg2 8.
Qf3 Qxf3 9. Nxf3 Bd7 10. d3 Bc5 11. Bg5 Ng4 12. Ne4 Bd6 13. h3 Nb4 14. Bxd7+
Kxd7 15. Kd2 f6 16. hxg4 fxg5 17. Nexg5 h6 18. Ne4 Rhf8 19. Nh4 Rab8 20. a3 Na6
21. b4 c5 22. Nf5 Be7 23. Nxg7 cxb4 24. axb4 Rb7 25. Rxa6 Bxb4+ 26. c3 Be7 27.
Rhxh6 Rf4 28. g5 Rxe4 29. Kd1 Rg4 30. g6 Bc5 31. Nf5 Rb2 32. Rh7+ Kd8 33. Rh8+
Kd7 34. Rh7+ Kd8 35. Rh8+ Kd7 36. Rh7+ 1/2-1/2

[Event "DEM U10/U10w 2003"]
[Site "Willingen GER"]
[Date "2003.06.14"]
[Round "11"]
[White "Bräuer, Franz"]
[Black "Dürre, Gregor"]
[Result "0-1"]
[Termination "normal"]
[Board "18"]
[WhiteElo "1085"]
[BlackElo "1208"]
[PlyCount "64"]
[WhiteFideId "24634468"]
[EventCountry "GER"]
[EventRounds "11"]
[EventType "swiss"]
[EventDate "2003.06.07"]

1. e4 c5 2. Nf3 Nc6 3. d4 cxd4 4. Nxd4 Nf6 5. Nc3 e5 6. Ndb5 d6 7. f3 a6 8. Na3
b5 9. Nd5 Be6 10. Bg5 Rb8 11. Nxf6+ gxf6 12. Bh4 Bg7 13. Qd3 Qd7 14. Rd1 O-O
15. Qxd6 Qxd6 16. Rxd6 Rbc8 17. b3 Rfd8 18. Rxd8+ Rxd8 19. Bd3 Rd7 20. Ke2 Bf8
21. Nb1 Kg7 22. c3 Rb7 23. Rf1 a5 24. c4 bxc4 25. Bxc4 Bxc4+ 26. bxc4 Rb2+ 27.
Ke3 Rxa2 28. g3 Bc5+ 29. Kd3 Nb4+ 30. Kc3 Rxh2 31. Rc1 Rf2 32. Nd2 Na2+ 0-1

[Event "DEM U10/U10w 2003"]
[Site "Willingen GER"]
[Date "2003.06.14"]
[Round "11"]
[White "Schäfer, Simon"]
[Black "Kaphle, Sebastian"]
[Result "1-0"]
[Termination "normal"]
[Board "19"]
[WhiteElo "1059"]
[BlackElo "1201"]
[PlyCount "121"]
[BlackFideId "24626708"]
[EventCountry "GER"]
[EventRounds "11"]
[EventType "swiss"]
[EventDate "2003.06.07"]

1. Nf3 d5 2. d4 Nc6 3. c4 e6 4. Nc3 Nf6 5. Bg5 Be7 6. e3 O-O 7. Be2 h6 8. Bh4
Re8 9. O-O Bf8 10. Bxf6 gxf6 11. cxd5 exd5 12. a3 Bf5 13. Bd3 Bxd3 14. Qxd3 Ne7
15. Rfe1 Ng6 16. Re2 Bg7 17. Qb5 Rb8 18. Qxd5 Qe7 19. Qc5 Qxc5 20. dxc5 f5 21.
Rc1 Bxc3 22. Rxc3 Nf4 23. Re1 Nd5 24. Rcc1 b6 25. cxb6 Rxb6 26. b4 Ra6 27. Red1
c6 28. b5 Rxa3 29. bxc6 Nb6 30. c7 Rc8 31. Rd8+ Kg7 32. Rxc8 Nxc8 33. Kf1 Ra6
34. Ke2 Rd6 35. Nd4 Rg6 36. Nxf5+ Kf6 37. Nh4 Rg4 38. g3 Rb4 39. Rc6+ Ke7 40.
Rxh6 Rc4 41. Nf5+ Kd7 42. Rh7 Nd6 43. Nxd6 Kxd6 44. Rxf7 Rxc7 45. Rxc7 Kxc7 46.
h4 Kd6 47. Kd3 Kd5 48. h5 Ke5 49. g4 a5 50. f4+ Ke6 51. g5 a4 52. Kc3 Kf5 53.
e4+ Kxe4 54. g6 a3 55. g7 a2 56. Kb2 a1=Q+ 57. Kxa1 Kxf4 58. g8=Q Kf5 59. h6
Kf6 60. h7 Kf5 61. h8=Q 1-0

[Event "DEM U10/U10w 2003"]
[Site "Willingen GER"]
[Date "2003.06.14"]
[Round "11"]
[White "Gheng, Hannelore"]
[Black "Osmanodja, Filiz"]
[Result "0-1"]
[Termination "normal"]
[Board "20"]
[WhiteElo "1192"]
[BlackElo "1051"]
[PlyCount "144"]
[BlackFideId "24633569"]
[EventCountry "GER"]
[EventRounds "11"]
[EventType "swiss"]
[EventDate "2003.06.07"]

1. e4 c5 2. Nf3 d6 3. d4 cxd4 4. Nxd4 Nf6 5. Nc3 g6 6. Bc4 Bg7 7. f3 O-O 8. Be3
Nc6 9. Qd2 Nd7 10. O-O-O Nb6 11. Bb3 Na5 12. h4 Nac4 13. Bxc4 Nxc4 14. Qd3 Nxe3
15. Qxe3 Bf6 16. h5 e5 17. Nde2 Bg4 18. hxg6 fxg6 19. Qd3 Bg5+ 20. Kb1 Be6 21.
Rh2 Rf6 22. Rdh1 Rf7 23. Nd5 Qa5 24. a3 Qa6 25. Qxa6 bxa6 26. g3 Bxd5 27. exd5
h6 28. f4 exf4 29. gxf4 Bxf4 30. Nxf4 Rxf4 31. Rxh6 Kg7 32. Rh7+ Kf6 33. Rh8
Rxh8 34. Rxh8 Ke5 35. Rh7 Kxd5 36. Rxa7 g5 37. Rxa6 g4 38. Ra5+ Ke6 39. Rg5 Kf6
40. Rg8 d5 41. b4 Kf7 42. Rg5 Kf6 43. Rxd5 g3 44. Rd3 g2 45. Rd6+ Ke5 46. Rg6
Rf1+ 47. Kb2 g1=Q 48. Rxg1 Rxg1 49. b5 Rg8 50. c4 Rc8 51. Kb3 Kd4 52. b6 Rb8
53. Kb4 Rxb6+ 54. Ka5 Rc6 55. Kb5 Rxc4 56. a4 Rc8 57. a5 Rb8+ 58. Ka6 Kc5 59.
Ka7 Rb5 60. a6 Kc6 61. Ka8 Kb6 62. a7 Ra5 63. Kb8 Rxa7 64. Kc8 Rh7 65. Kd8 Kc6
66. Ke8 Kd6 67. Kf8 Ke6 68. Kg8 Ra7 69. Kh8 Kf6 70. Kg8 Rb7 71. Kh8 Kg6 72. Kg8
Rb8# 0-1

[Event "DEM U10/U10w 2003"]
[Site "Willingen GER"]
[Date "2003.06.14"]
[Round "11"]
[White "Wapenhans, Martin"]
[Black "Mirke, Roy"]
[Result "1-0"]
[Termination "normal"]
[Board "22"]
[WhiteElo "1288"]
[BlackElo "855"]
[PlyCount "57"]
[BlackFideId "24647306"]
[EventCountry "GER"]
[EventRounds "11"]
[EventType "swiss"]
[EventDate "2003.06.07"]

1. e4 e5 2. Nf3 Nc6 3. Bc4 Bc5 4. c3 Nf6 5. d4 exd4 6. cxd4 Bb4+ 7. Bd2 Bxd2+
8. Nbxd2 O-O 9. O-O d6 10. h3 a6 11. Qc2 Nd7 12. a3 b5 13. Bd5 Bb7 14. Bxc6
Bxc6 15. Qxc6 Re8 16. Rfe1 f6 17. Rac1 Ra7 18. Nb3 Qc8 19. e5 dxe5 20. Qd5+ Kh8
21. dxe5 fxe5 22. Nxe5 Nxe5 23. Rxe5 Rxe5 24. Qxe5 Qd8 25. Qd4 Qb8 26. Rd1 Ra8
27. Nc5 h6 28. Ne6 Kh7 29. Qxg7# 1-0

[Event "DEM U10/U10w 2003"]
[Site "Willingen GER"]
[Date "2003.06.14"]
[Round "11"]
[White "Miclea, Andrei"]
[Black "Dorn, Carina"]
[Result "0-1"]
[Termination "normal"]
[Board "23"]
[WhiteElo "1286"]
[BlackElo "1124"]
[PlyCount "94"]
[BlackFideId "24666335"]
[EventCountry "GER"]
[EventRounds "11"]
[EventType "swiss"]
[EventDate "2003.06.07"]

1. f4 d5 2. Nf3 c6 3. g3 Nf6 4. Bg2 Nbd7 5. O-O e6 6. d4 Bd6 7. c3 O-O 8. Nbd2
Rb8 9. Qe1 Ne4 10. Nxe4 dxe4 11. Ng5 h6 12. Nxe4 Bc7 13. Nf2 f5 14. e4 c5 15.
Be3 b6 16. Qd2 Bb7 17. dxc5 Nxc5 18. Qxd8 Rfxd8 19. exf5 exf5 20. Bxb7 Rxb7 21.
Rad1 Re8 22. Bd4 Bd8 23. Rd2 Rbe7 24. Rfd1 Bc7 25. Kf1 Kf7 26. Nd3 Nxd3 27.
Rxd3 Re2 28. R3d2 R2e4 29. Kf2 h5 30. a4 g6 31. h4 R8e6 32. b4 a6 33. Kf1 Ke7
34. Rc1 Rd6 35. Re2 Kd7 36. Rce1 Rde6 37. Rxe4 Rxe4 38. Rxe4 fxe4 39. Ke2 Ke6
40. Ke3 Kf5 41. Ke2 Kg4 42. Bf2 b5 43. axb5 axb5 44. Ke3 Kf5 45. Kd4 Bb6+ 46.
Kd5 Bxf2 47. Kc6 e3 0-1

[Event "DEM U10/U10w 2003"]
[Site "Willingen GER"]
[Date "2003.06.14"]
[Round "11"]
[White "Braun, Viktoria"]
[Black "Noe, Christopher"]
[Result "1/2-1/2"]
[Termination "normal"]
[Board "25"]
[WhiteElo "1088"]
[BlackElo "1165"]
[PlyCount "174"]
[BlackFideId "24692018"]
[EventCountry "GER"]
[EventRounds "11"]
[EventType "swiss"]
[EventDate "2003.06.07"]

1. e4 g6 2. d4 Bg7 3. c3 d6 4. f4 Nd7 5. Nf3 b6 6. Bd3 Bb7 7. Nbd2 e5 8. fxe5
dxe5 9. dxe5 Nxe5 10. Nxe5 Bxe5 11. Nf3 Bg7 12. O-O Nf6 13. Re1 O-O 14. Bf4 Re8
15. Qc2 c5 16. Nd2 Nh5 17. Rf1 Nxf4 18. Rxf4 Qd6 19. Rf3 Rad8 20. Rd1 Bc8 21.
h3 f5 22. exf5 Bb7 23. Nc4 Qd7 24. Rf2 Ba6 25. Rfd2 Bh6 26. Nxb6 Qc7 27. Bc4+
Bxc4 28. Rxd8 Rxd8 29. Rxd8+ Qxd8 30. Nxc4 Qd5 31. Qb3 gxf5 32. Ne5 Qxb3 33.
axb3 Bf8 34. Nc6 Bh6 35. Nxa7 Bc1 36. c4 Bxb2 37. Kf2 Kf7 38. Kf3 Kf6 39. Nc6
Bc1 40. b4 cxb4 41. Nxb4 Ba3 42. Nd3 Bd6 43. g4 fxg4+ 44. hxg4 h5 45. gxh5 Kg5
46. Ke4 Kxh5 47. Kd5 Bf8 48. Nf4+ Kg4 49. Ke4 Bb4 50. Ng6 Bc5 51. Ne5+ Kh3 52.
Kd5 Ba7 53. Nc6 Bb6 54. Nd4 Kg4 55. Nb5 Kf5 56. Kc6 Bg1 57. Kd5 Bf2 58. Nd4+
Kf6 59. c5 Bg3 60. c6 Kg6 61. Kc5 Kf7 62. Kb6 Ke8 63. Kb7 Kd8 64. Ne2 Bh2 65.
Ng1 Bg3 66. Ne2 Bh2 67. Nd4 Ke7 68. Kc8 Kd6 69. Kb7 Ke7 70. Nf5+ Ke6 71. Nd4+
Kf7 72. Kc8 Ke8 73. Nf5 Kf7 74. Kd7 Bb8 75. Nd6+ Kf6 76. Ne8+ Ke5 77. Kc8 Kd5
78. Kd7 Kc5 79. Nf6 Kb6 80. Nd5+ Kc5 81. Ne7 Bd6 82. Nf5 Bb8 83. Ne7 Bd6 84.
Nf5 Bb8 85. Ne7 Bd6 86. Ke8 Bb8 87. c7 Bxc7 1/2-1/2

[Event "DEM U10/U10w 2003"]
[Site "Willingen GER"]
[Date "2003.06.14"]
[Round "11"]
[White "Oat, Daniela"]
[Black "Rosenburg, Thies"]
[Result "0-1"]
[Termination "normal"]
[Board "28"]
[WhiteElo "850"]
[BlackElo "1052"]
[PlyCount "46"]
[EventCountry "GER"]
[EventRounds "11"]
[EventType "swiss"]
[EventDate "2003.06.07"]

1. e4 e5 2. Nf3 Nc6 3. Bc4 Nf6 4. Nc3 h6 5. d3 Bb4 6. Bd2 Bxc3 7. Bxc3 d6 8.
Qe2 Bg4 9. O-O-O O-O 10. h3 Bxf3 11. Qxf3 Re8 12. Bd2 Nd4 13. Qe3 c6 14. g4 Kf8
15. Rhg1 b5 16. Bb3 Nxb3+ 17. axb3 a5 18. h4 a4 19. bxa4 Rxa4 20. c3 Qa5 21. g5
Ra1+ 22. Kc2 Qa4+ 23. b3 Qa2# 0-1

[Event "DEM U10/U10w 2003"]
[Site "Willingen GER"]
[Date "2003.06.14"]
[Round "11"]
[White "Wallenborn, Michael"]
[Black "Spangenberg, Romy"]
[Result "1-0"]
[Termination "normal"]
[Board "36"]
[WhiteElo "1243"]
[BlackElo "833"]
[PlyCount "49"]
[BlackFideId "4627997"]
[EventCountry "GER"]
[EventRounds "11"]
[EventType "swiss"]
[EventDate "2003.06.07"]

1. e4 c5 2. Nf3 d6 3. d4 cxd4 4. Nxd4 Nf6 5. Nc3 a6 6. Bg5 e6 7. Bd3 b5 8. Qe2
Bb7 9. O-O Be7 10. Rae1 h6 11. Bd2 O-O 12. Qf3 Nbd7 13. Qg3 Ne5 14. Be2 Nxe4
15. Nxe4 Bxe4 16. Bxh6 Ng6 17. Bd2 Bf6 18. c3 Be5 19. Qg5 Bf6 20. Qe3 Bg5 21.
Qxg5 f6 22. Qg4 Bb7 23. Qxg6 e5 24. Ne6 Qe8 25. Qxg7# 1-0

[Event "DEM U10/U10w 2003"]
[Site "Willingen GER"]
[Date "2003.06.14"]
[Round "11"]
[White "Gheng, Michael Dan"]
[Black "Baisakow, Christine"]
[Result "1/2-1/2"]
[Termination "normal"]
[Board "38"]
[WhiteElo "1016"]
[BlackElo "1060"]
[PlyCount "50"]
[BlackFideId "24680052"]
[EventCountry "GER"]
[EventRounds "11"]
[EventType "swiss"]
[EventDate "2003.06.07"]

1. e4 e6 2. Nf3 d5 3. e5 Nc6 4. d4 Nce7 5. Bd3 Ng6 6. Bxg6 hxg6 7. O-O c5 8. c3
Qb6 9. Re1 Ne7 10. Nbd2 Nc6 11. Nf1 f6 12. exf6 gxf6 13. Ng3 Bd6 14. b4 cxb4
15. cxb4 Bxb4 16. Rb1 Qa5 17. Re2 Bd6 18. Reb2 Bxg3 19. fxg3 Qd8 20. Re2 Bd7
21. Be3 Qc7 22. Qc2 Rf8 23. Qxg6+ Rf7 24. Bg5 fxg5 25. Nxg5 Nd8 1/2-1/2